[Event "Karditsa"]
[Site "Karditsa"]
[Date "1996.??.??"]
[Round "7"]
[White "Anagnostopoulos, Dimitrios"]
[Black "Skembris, Spyridon"]
[Result "1-0"]
[WhiteElo "2460"]
[BlackElo "2505"]
[Annotator "Alterman,B"]
[PlyCount "69"]
[EventDate "1996.03.??"]
[EventType "tourn"]
[EventRounds "9"]
[EventCountry "GRE"]
[EventCategory "12"]
[SourceTitle "CBM 053"]
[Source "ChessBase"]
[SourceDate "1996.08.01"]
[SourceVersion "1"]
[SourceVersionDate "1996.08.01"]
[SourceQuality "1"]

1. e4 e5 2. Nf3 Nc6 3. Bb5 a6 4. Ba4 Nf6 5. O-O Be7 6. Re1 b5 7. Bb3 d6 8. c3
O-O 9. h3 Na5 10. Bc2 c5 11. d4 Nd7 (11... cxd4) 12. Nbd2 exd4 13. cxd4 Nc6 (
13... cxd4) 14. Nf1 (14. d5 Nce5 15. Nxe5 dxe5 $6 (15... Nxe5 $142 16. f4 Ng6
17. Nf3) 16. b3 $1 $14 {/\ a4, Bd3, Qe2 ><b5} Bd6 17. a4 Rb8 18. axb5 axb5 19.
Bd3 Nf6 20. Qe2 Qb6 21. Nf1 Bd7 (21... Ne8 $5 {/\ Nc7_a6_b4 Morozevich,A}) 22.
Bg5 Ne8 23. Be3 {/\ b4, Rec1} f5 (23... Nc7 24. b4 Na6 25. Rxa6 Qxa6 26. bxc5
$18) 24. exf5 Nf6 25. b4 Nxd5 $4 (25... e4 26. Bc2 Bxf5 27. bxc5 Bxc5 28. Bb3
$14) 26. bxc5 Bxc5 27. Qa2 $1 $18 Bc6 28. Be4 Rbd8 29. Rad1 $2 (29. Bxc5 Qxc5
30. Rac1 Qd6 31. Ne3 $18 {/\ Rc6, /\ Red1 פd5}) 29... Bd4 30. Bg5 $5 (30. Bxd4
exd4 31. Ne3 dxe3 32. Rxe3 Kh8 33. Bxd5 b4 $132 {o^b}) 30... Kh8 $1 31. Bxd8
Rxd8 $44 {/\ Nc3 ><f2} 32. Bxd5 Bxd5 33. Qd2 b4 34. Ne3 $138 Bb3 35. Rb1 Bc3
36. Qc1 Bd2 $8 37. Qb2 Bxe1 38. Qxb3 Bd2 39. Nc4 Qc5 40. Nxd2 Rxd2 41. Qf3 Rd8
42. Qb7 Qc2 43. Qxb4 Qxf5 44. Re1 h6 45. Qe4 {Zjukin,S-Morozevich,A/Eesti/0,5/
1995/}) 14... Bf6 15. Be3 (15. e5 dxe5 16. Be4 Bb7 17. dxe5 Ndxe5 18. Nxe5 Qxd1
19. Rxd1 Bxe5 20. Rd7 Rab8 21. Rxb7 Rxb7 22. Bxc6 Rc7 23. Bf3 c4 24. Rb1 b4 25.
Ne3 Rd8 26. Kf1 a5 27. Be2 c3 28. bxc3 Bxc3 29. Bd1 Bd2 30. Bb2 Bc3 31. Bc1 Bd2
32. Bxd2 Rxd2 33. Bb3 Kf8 34. Ke1 Rd4 35. Ke2 Rc5 36. Rd1 Rxd1 37. Nxd1 h5 38.
Kd3 h4 39. Ne3 Rc1 40. Kd2 Rg1 41. Ke2 Ra1 42. Kd3 a4 {Akopian,V-Kosashvilli,Y/
Wch-J Santiago(12)/0,5/1990/}) 15... Bb7 16. Qd2 Rc8 17. Rac1 Re8 18. Ng3 g6
19. Bb1 Qe7 (19... cxd4 $5 20. Nxd4 Nxd4 21. Bxd4 Rxc1 22. Rxc1 d5 23. Rd1 $1
Qe7 $1 24. Be3 (24. exd5 Bxd5 $10) 24... Ne5 $1 25. b3 dxe4) 20. Rcd1 Rcd8 (
20... cxd4 21. Nxd4 Nce5 22. b3 $14) 21. b3 cxd4 $1 22. Nxd4 Nc5 23. Qc1 Nxd4
24. Bxd4 Bxd4 25. Rxd4 d5 $2 (25... Ne6 26. Rdd1 d5 $10) 26. e5 Ne6 27. Rg4 $1
Kh8 28. Nh5 $1 Rc8 (28... gxh5 29. Qh6 f6 30. exf6 Qd7 31. Rg7 $18) 29. Qd2 f5
(29... Red8 30. Nf6 $16) 30. exf6 Qf7 31. Bxg6 $1 hxg6 32. Ng7 $18 g5 33. Nxe6
Rxe6 34. Rxe6 Qxe6 35. Rh4+ 1-0

[Event "Rubinstein Memorial 38th"]
[Site "Polanica Zdroj"]
[Date "2006.08.22"]
[Round "3"]
[White "Bobras, Piotr"]
[Black "Atalik, Suat"]
[Result "1-0"]
[WhiteElo "2535"]
[BlackElo "2619"]
[Annotator "Atalik,S"]
[PlyCount "133"]
[EventDate "2006.08.20"]
[EventType "tourn"]
[EventRounds "9"]
[EventCountry "POL"]
[EventCategory "13"]
[SourceTitle "CBM 113 Extra"]
[Source "ChessBase"]
[SourceDate "2006.09.14"]
[SourceVersion "1"]
[SourceVersionDate "2006.09.14"]
[SourceQuality "1"]

1. e4 e5 2. Nf3 Nc6 3. Bb5 a6 4. Ba4 Nf6 5. O-O Be7 6. Re1 b5 7. Bb3 d6 8. c3
O-O 9. h3 Bb7 ({These days I am more interested in Keres'} 9... Na5 10. Bc2 c5
11. d4 Nd7) 10. d4 Re8 {So called Zaitsev System in Ruy Lopez.} 11. Ng5 Rf8 12.
Nf3 {White immediately emphasized the main drawback of this system:repetion of
moves for a draw.} Na5 {I have decided to convert the game into the Chigorin's
Romanishin line.} (12... Nd7 13. Nbd2 (13. a4 $5) 13... exd4 14. cxd4 Nb4 15.
Nf1 c5 $14) (12... exd4 13. cxd4 Na5 14. Bc2 c5 ({or} 14... Re8 {were bunch of
other offbeat lines to my disposal at the moment.})) 13. Bc2 c5 14. d5 $1 $14 {
In the last years people understood that white has advantage in closed center
lines because of lack of space for black.} (14. Nbd2 cxd4 15. cxd4 Nc6 $5 $13 {
is Antoshin's} (15... exd4 16. Nxd4 Re8 $13 {is Romanishin's continuations.}))
14... Nc4 {Black has to improve his knight on the rim.} ({After} 14... Bc8 {
lack has to be careful about Ne5 de5 d6 motif in case of Bd7.} 15. b3 $1 Re8 $1
$14 {is the old Cuban GM Roman Hernandez's approach these days.} (15... g6 16.
a4 $1 Bd7 17. axb5 axb5 18. Nxe5 dxe5 19. d6 Nh5 20. dxe7 Qxe7 21. Be3 $16))
15. a4 (15. b3 Nb6 16. a4 Bc8) 15... Nb6 16. b3 Bc8 $1 17. Nbd2 $6 {This move
loses the advantage.} (17. Qe2 $1 {Garry Kimovich proved how to handle the
position against Pipish.} Bd7 18. c4 b4 19. Nbd2 $14 {white is better since
Nb6 is still a liability.} Kh8 (19... h6 20. Nf1 Nh7 21. Ng3 Bf6 22. Rb1 Re8
23. Nf5 Nc8 $132) (19... h5 20. Nf1 Nh7 21. Ng3 g6 22. a5 Nc8 23. Bh6 Re8 24.
Qe3 Bf8 $132) 20. Nf1 Ng8 21. Ng3 g6 22. a5 Nc8 23. Bd3 Bf6 (23... f5 $2 24.
exf5 gxf5 25. Bb2 $18) 24. Be3 Bg7 25. Nh2 Nce7 26. Qd2 f5 27. exf5 Nxf5 $132)
17... g6 18. axb5 axb5 19. Rxa8 Nxa8 20. Nf1 Qc7 (20... Qa5 21. Bd2 Bd7 22. Qa1
Qb6 23. Qb2 Nc7 $11 {is another line which is more active than the text.
However I already was building my calculations over a Nd5 type of sacrifice
reminiscent of Jansa-Gligioric,Nice (ol) 1974.}) 21. Bh6 Re8 22. Qd2 Nb6 23. g4
$1 Bd7 (23... Bb7 $5 {was looking strange but consistent with the idea of
aiming at d5,} 24. Ng3 c4 25. b4 Ra8 26. Nf5 Bd8 $36) 24. Ra1 Ra8 25. Qc1 {
Draw offer.} Qc8 26. Ng3 Ra6 27. Qb2 Bf8 (27... c4 28. Rxa6 Qxa6 29. b4 $11)
28. Be3 Bg7 (28... h5 29. gxh5) (28... Rxa1+ 29. Qxa1 h5 30. gxh5 Nxh5 31. Nxh5
gxh5 32. h4 Be8 33. Nh2 Qb7 $13 {are two similar similar lines which might
have brought about very sharp game.However I was concentrated only on the
knight sac in the center.}) 29. Ra2 Nfxd5 $5 {The sacrifice results in a very
complex play.} 30. exd5 Nxd5 31. Bd2 b4 $6 {I am unhappy about this forward
move.} (31... Nf4 $2 {is a positional catastrophe.} 32. Rxa6 Qxa6 33. Bxf4 exf4
34. Ne4 f5 35. gxf5 gxf5 36. Ned2 b4 37. Qc1 bxc3 38. Nc4 d5 39. Nce5 $18) ({
However I could have performed a calm retreat.} 31... Nc7 32. Rxa6 Qxa6 33. Ne4
Qc6 $44) (31... Nf6 $44 {which could have made white's life much more
difficult.}) 32. Rxa6 Qxa6 33. c4 Nf4 34. Kh2 Nxh3 (34... e4 $2 35. Qb1) (34...
Bc6 $2 35. Be4) 35. Kxh3 e4 (35... Bxg4+ $2 36. Kxg4 Qc8+ 37. Kh4 $18) 36. Qb1
$8 {When I have sacrificed the knight I have underestimated the power ofthis
move.} exf3 37. Be4 h5 38. Bxf3 Qc8 (38... Be6 39. Qd3) (38... hxg4+ $2 39.
Bxg4 Bc6 (39... Qc8 40. Bxd7 Qxd7+ 41. Kg2 d5 42. Qd3 Bd4 43. f3 dxc4 44. Qxc4
Qa7 45. Ne2 $18) (39... f5 $2 40. Bf3 f4+ 41. Kg2 fxg3 42. Bd5+ Kf8 43. Qxg6
$18) 40. Qd3 d5 41. Be3) 39. Kg2 h4 $2 {I have become too optimistic.} (39...
hxg4 $1 40. Bd5 Be6 41. Qd3 Be5 42. Ne4 Kg7 $44 {was the only way to keep the
game going in the bounderies of logic.}) (39... Bxg4 $2 40. Qe4 (40. Bd5 Bh3+
41. Kh2 Be6) 40... Bh3+ 41. Kh2 Be5 42. Bf4 Bf5 43. Nxf5 Qxf5 44. Qxf5 gxf5 45.
Bg3 h4 46. Bxe5 dxe5 47. Kh3 $18) 40. Ne2 $2 $138 {Wrong place for the horse.}
(40. Ne4 Bxg4 41. Qd1 $18) 40... Bxg4 41. Qe4 Bh3+ (41... h3+ 42. Kg3 Be5+ 43.
Bf4 Bf5 44. Qe3 Qe8 $44) 42. Kh2 Be5+ 43. Bf4 Bf5 44. Qe3 Qe8 $2 {I think I
have become too tired and unable to calculate properly.} (44... Qe6 $1 45. Kg2
(45. Bd5 $2 Bxf4+ 46. Nxf4 Qxe3 47. fxe3 Bc2 $17) 45... Bxf4 46. Qxf4 Qe7 47.
Qd2 g5 48. Bd5 Kg7 $17) 45. Kg2 h3+ 46. Kg1 Bc2 {This was where I have based
my counterplay.} 47. Bd5 Bxb3 $1 48. Qxb3 Bxf4 49. Qc2 $1 {Missing this in my
calculations caused panick in a major scale.} Be5 $4 {Equal to resignation.} (
49... h2+ $2 50. Kh1 b3 51. Qxg6+ Kf8 52. Qf5 Be5 53. Ng3 Bxg3 54. fxg3 Qe1+
55. Kxh2 Qd2+ 56. Kh3 Qh6+ 57. Kg2 Qd2+ 58. Qf2 Qc2 59. g4 f5 60. gxf5 $18) (
49... Qe5 $3 {was a great tactical move which would force the trade of his
mighty horse for my poor bishop.} 50. Nxf4 (50. Qxg6+ $2 Kh8 51. Bxf7 Qa1+ $19)
50... Qg5+ (50... Qxf4 51. Qxg6+ Kf8 52. Qg3 Qxg3+ 53. fxg3 b3 54. Kh2 b2 55.
Be4 Ke7 56. Kxh3 Ke6 57. Kg4 Ke5 58. Bb1 d5 $1 (58... Kd4 59. Ba2) 59. cxd5
Kxd5 60. Kf3 Kd4 61. Kf4 (61. Ke2 c4 62. Kd2 c3+ 63. Ke2 Ke5 64. Ke3 Kf6 65.
Kf4 Ke6 66. Ke4 Kf6 $11) 61... f6 62. g4 c4 63. Kf3 c3 64. Bc2 Ke5 65. Ke3 Kd5
66. Kd3 Ke5 67. Kxc3 Kf4 $11) 51. Kf1 (51. Kh1 Qxf4 52. Qxg6+ Kf8 53. Qc2 (53.
Qg3 Qxg3 54. fxg3 Ke7 55. Kh2 f5 56. Bf3 d5 57. Be2 (57. cxd5 $2 Kd6 58. Kxh3
c4 59. Be2 Kxd5 60. Bh5 c3 $19) 57... Kd6 58. Kxh3 Ke5 59. cxd5 Kxd5 60. Bd3 c4
61. Bxf5 b3 62. Bg6 Kd4 $19) (53. Qh7 Qxf2 54. Qxh3 $11) 53... Kg7 $44) 51...
Qxf4 52. Qxg6+ Kf8 53. Qh7 (53. Qe4 Qc1+ 54. Qe1 Qc2 $132) 53... h2 (53... b3
$2 54. Qh8+ Ke7 55. Qc3) 54. Kg2 h1=Q+ 55. Kxh1 Qxf2 $11) 50. Qxg6+ $16 {
Black is in bad shape!} Bg7 $2 {The final mistake.} (50... Kf8 51. Qh6+ Ke7 (
51... Bg7 52. Qxd6+ Kg8 53. Ng3 b3 54. Kh2 b2 55. Be4 Be5 56. Qd3 Bd4 57. Nf5
Bxf2 58. Kxh3 Bd4 $16) 52. Qxh3 Qg8+ 53. Kf1 Qg6 54. f4 $16) 51. Qe4 Qxe4 (
51... Qe5 52. f4 $18) 52. Bxe4 $18 {The rest is agony.} b3 53. Kh2 Kf8 54. Kxh3
Ke7 (54... d5 55. Bxd5 (55. cxd5 c4) 55... f5 56. Be6 $18) 55. Kg4 Kd7 56. Nf4
Kc7 57. Nd5+ Kb7 58. Bf3 $1 {White keeps the black king restrained so
eventually black will lose material.} (58. Nf6+ Kb6 59. Ne8 Bf8 60. Kf5 Ka5
$132) 58... Bd4 59. Kg3 Be5+ 60. Kg2 f5 (60... Ka6 61. Bd1 b2 62. Bc2 Ka5 63.
Kf3 $18) 61. Bd1 b2 62. Bc2 f4 63. f3 {Very patient.} (63. Kf3 $18) 63... Ka6 (
63... Kc8 64. Kh3 Kd7 65. Kg4 Ke6 66. Nxf4+ Bxf4 67. Kxf4 d5 68. cxd5+ Kxd5 69.
Ke3 $18) 64. Kf1 Ka5 65. Ke2 Ka6 66. Kd3 Ka5 67. Ke4 1-0

[Event "Kalamaria op 7th"]
[Site "Kalamaria"]
[Date "2010.08.31"]
[Round "8"]
[White "Radulski, Julian"]
[Black "Atalik, Suat"]
[Result "1-0"]
[WhiteElo "2574"]
[BlackElo "2607"]
[Annotator "Atalik,S"]
[PlyCount "117"]
[EventDate "2010.08.25"]
[EventType "swiss"]
[EventRounds "9"]
[EventCountry "GRE"]
[SourceTitle "CBM 138 Extra"]
[Source "ChessBase"]
[SourceDate "2010.10.29"]
[SourceVersion "1"]
[SourceVersionDate "2010.10.29"]
[SourceQuality "1"]

{In my opinion one should analyse his losses even deeper.} 1. e4 e5 2. Nf3 Nc6
3. Bb5 a6 4. Ba4 Nf6 5. O-O Be7 6. Re1 b5 7. Bb3 d6 8. c3 O-O 9. h3 Na5 10. Bc2
c5 11. d4 Nd7 {The Keres System which I play seldomly has recently received
some improvements by GM Almasi.} 12. dxc5 $5 (12. Nbd2 cxd4 (12... exd4 13.
cxd4 Nc6 {should be called Graf System.}) 13. cxd4 Nc6 14. Nb3 a5 15. Bd3 Ba6 (
15... a4 16. Bxb5 Qb6 $44 {should be called Romanishin's System.}) 16. d5 Nb4
17. Bf1 a4 18. Nbd4 exd4 19. a3 Nxd5 20. exd5 Ne5 21. Nxd4 Qd7 $14 {may be
playable despite of the huge hole in c6.}) 12... dxc5 13. Nbd2 Bb7 $5 ({
Some like} 13... Re8 14. Nf1 Nc4 15. b3 Nd6 16. Ne3 Bb7 17. Nd5 Nf6 18. Nxe7+
Qxe7 19. Nd2 $14) 14. Nf1 Nc4 15. Qe2 $5 (15. Ng3 g6 16. b3 Nd6 17. Bh6 Re8 $13
{was my intention to continue the game with.}) 15... Qc7 16. g4 $6 {A move
straight out of coffee-house move I still despise.} Rfe8 {My first strange
move in this game.} (16... Rfd8 $142 17. Ng3 g6 {and now what?} 18. Kh2 Nf8 $17
) 17. Ng3 Nf8 $5 ({Why not} 17... g6) 18. Nf5 Ng6 19. a4 Bf8 $5 {I was in a
sacrificial mood that day.} (19... Nd6 20. Nxd6 Bxd6 21. axb5 axb5 22. Rxa8
Rxa8 23. Qxb5 Ba6 24. Qa4 Bb7 25. Qb3 c4 26. Qb5 Ra5 27. Qe8+ Nf8 $17 {White
may have problems in this line due to the weakened kingside combined with the
queen in danger.}) 20. axb5 axb5 21. Rxa8 Bxa8 $6 (21... Rxa8 22. b3 Na3 (22...
Nd6 23. Nxd6 Qxd6 24. Qxb5 Ba6 25. Qa4 h6 26. Be3 Qf6 $44) 23. Bxa3 (23. Bd1 b4
) 23... Rxa3 24. Qxb5 Nf4 25. Kh2 ({For some strange reason or another I have
rejected this line because of} 25. Qe8 Nxh3+ 26. Kg2 Nf4+ 27. Kg3 Ne6 $1 $17)
25... Bc6 26. Qc4 g6 27. Ne3 Qb8 28. Ng5 Qb7 $44) 22. b3 Na5 23. Qxb5 Bc6 (
23... Rb8 24. Qa4 Bc6 25. Qa2 Ra8 $44) 24. Qe2 (24. Qf1 $5 {has also its
points.} Rb8 25. Nd2 Nf4 26. Ne3 g6 $44) 24... Nf4 (24... Rb8 $6 25. Nd2 Nf4
26. Qf3 Rd8 27. Ne3 $16) 25. Bxf4 exf4 26. Rb1 g6 ({I was not so sure about} 
26... Qb7 27. b4 cxb4 (27... Rxe4 $2 28. Bxe4 Bxe4 29. Re1 Bxf3 30. Qe8 $18)
28. cxb4 Bxe4 29. bxa5 Bxc2 30. Rxb7 Rxe2 31. Rb8 Bd3 $44) 27. N5h4 Nb7 (27...
Rb8 $5 28. e5 Be7 $132) (27... Qb7 $6 28. Ra1 {disturbs Black's pieces.}) 28.
e5 Bg7 (28... Qa5 29. b4 $1 (29. Qc4 Nd8) (29. Be4 Nd8 30. Ng2 Qxc3 31. Nxf4
Bg7 $44) 29... cxb4 30. cxb4 Qa2 31. Bd3 $16) 29. Re1 Nd8 30. Qc4 (30. Be4 Qb6)
30... Ne6 $2 {A meek move result of bad calculation.} (30... Bxe5 31. Qxc5 Nb7
32. Qa7 Bxc3 33. Rxe8+ Bxe8 34. Be4 Bc6 35. Bxc6 Qxc6 36. Qb8+ Kg7 37. Qxf4 Qd5
38. b4 Nd6 $11) 31. Be4 Rb8 (31... Bxe4 32. Qxe4 Rb8 33. Qc4 $16) 32. Bxc6 Qxc6
33. Nd4 ({I was expecting more} 33. Nd2 $5 $16) 33... Nxd4 (33... Qb6 $2 34.
Nxe6 fxe6 (34... Qxe6 35. Qxc5 Bf8 36. Qd4 Rxb3 37. Nf3 $16) 35. b4 $1 cxb4 36.
cxb4 $18) 34. cxd4 Rb4 35. d5 $1 {I have to admit that I have missed this one.}
Qb6 (35... Qb7 36. Qxc5 Rb5 37. Qc6 Qxc6 38. dxc6 Rc5 39. e6 Kf8 40. exf7 Rxc6
41. Nf3 h6 42. Re4 g5 43. Rb4 Kxf7 44. Rb7+ Kg6 45. b4 $18) 36. Qe2 Bf8 {
The text is the best under these circumstances} ({because of} 36... Qd8 37. d6
$3 Qxh4 38. e6 $18) 37. d6 $1 (37. Nf3 $2 Rxb3 $44 (37... c4 $2 38. bxc4 Rb2
39. Nd2 Bb4 40. Rd1 Qd4 41. Nf3 $18)) 37... Rxb3 38. Nf3 $1 (38. e6 $2 Qxd6 39.
e7 Bxe7 40. Qxe7 Qxe7 41. Rxe7 Rxh3 42. Ng2 g5 43. Re5 f6 44. Rxc5 Kg7 $44)
38... c4 39. Ng5 $6 {A small inaccuraccy.} (39. e6 Qxd6 40. exf7+ Kg7 41. Ng5
Qd5 42. h4 $18 {should be winning.}) 39... Rb1 $2 {I had some other options.} (
39... Rb2 $1 40. Qf3 Qd4 (40... Qa5 $5) 41. Re4 (41. Kg2 h6 42. Nxf7 Rb3 $3 {
I have missed this intermezzo.} (42... Kxf7 $2 43. e6+ Kg7 44. e7 $18)) 41...
Qd2 $132) (39... Rg3+ $2 40. Kf1 Rd3 41. e6 Qxd6 42. exf7+ Kh8 43. Qe8 Rd1 44.
Rxd1 Qxd1+ 45. Kg2 $18) 40. Rxb1 Qxb1+ 41. Kg2 Qd3 $2 {Losing at once.} ({
The last hope of resistance could be attached to} 41... Qb5 42. Qe4 c3 43. Kg1
$3 (43. Qxf4 $2 Qd5+ 44. Ne4 c2 $17) 43... Qb3 44. Qd3 $18) (41... c3 $2 42.
Qc4 Qb7+ 43. Nf3 $18) 42. Qxd3 cxd3 43. Kf3 $18 f6 44. d7 Be7 45. exf6 Bxf6 46.
Ne6 Kf7 47. d8=Q Bxd8 48. Nxd8+ {My king is too far away from h3 to cmake
anything happen.} Kf6 49. Nc6 h6 (49... Kg5 50. Ne5 d2 51. Ke2 Kh4 52. Kxd2
Kxh3 53. Ke2 Kg2 54. g5 $18) 50. Nb4 d2 51. Ke2 Kg5 52. Nd3 Kh4 53. Nxf4 g5 54.
Nh5 $5 {Beautiful but} (54. Ng2+ Kxh3 55. Ne3 $18 {is the simplest.}) 54...
Kxh3 55. Nf6 Kg2 56. Kxd2 Kxf2 57. Kd3 Kf3 58. Kd4 Kf4 59. Kd5 {After all the
my opponent has shown some good fighting qualities and as well as a good
technique.} 1-0